000
00304nam a2200133Ia 4500
005
20251222142021.0
008
251222s9999||||xx |||||||||||||| ||spa||
020
_a
958-04-6397-2
082
_a
658.15/S79
100
_a
Stern Joel M.
245
0
_a
El DesafĂo del Eva:
264
_b
Norma
942
_c
LIB
999
_c
10660
_d
10660